| 000 | 00845nam a2200265Ia 4500 | ||
|---|---|---|---|
| 001 | Z_288 | ||
| 003 | CHAP | ||
| 008 | 220113s1975 xx 000 0 und d | ||
| 010 | _a163263 | ||
| 040 | _cCHAP | ||
| 090 | _aTesis A 7 | ||
| 100 |
_aArias García, Sebastián _97050 |
||
| 245 |
_aDescripción de las actividades agropecuarias realizadas por los ganaderos del municipio de Mixtlán, Jal.; estudio basado en una encuesta por muestreo estadístico / _cpor Sebastián Arias García |
||
| 260 |
_aChapingo, Méx. : _bEl autor, _c1975 |
||
| 300 | _a175 h. ilus. | ||
| 502 | _aTesis (Ing. Agrónomo Esp. en Zootecnia) -- ENA. Departamento de Zootecnia | ||
| 650 |
_aEncuestas _936846 |
||
| 650 |
_aGanadería _xJalisco _9137559 |
||
| 901 | _aTESIS A 7 | ||
| 902 | _aM | ||
| 910 | _a1975 | ||
| 942 | _c2 | ||
| 942 | _c2 | ||
| 999 |
_c163263 _d163263 |
||